How fascism works : (Record no. 2239)
[ view plain ]
| 000 -LEADER | |
|---|---|
| fixed length control field | 00959cam a2200253 i 4500 |
| 001 - CONTROL NUMBER | |
| control field | 20420146 |
| 005 - DATE AND TIME OF LATEST TRANSACTION | |
| control field | 20251012043655.0 |
| 008 - FIXED-LENGTH DATA ELEMENTS--GENERAL INFORMATION | |
| fixed length control field | 180327s2018 nyu b 001 0 eng |
| 020 ## - INTERNATIONAL STANDARD BOOK NUMBER | |
| International Standard Book Number | 9780525511830 |
| Qualifying information | hardcover |
| 020 ## - INTERNATIONAL STANDARD BOOK NUMBER | |
| Canceled/invalid ISBN | 9780525511847 (ebook) |
| 040 ## - CATALOGING SOURCE | |
| Original cataloging agency | BD-DhJNU |
| Language of cataloging | ENG |
| Transcribing agency | BD-DhJNU |
| Modifying agency | BD-DhJNU |
| 082 00 - DEWEY DECIMAL CLASSIFICATION NUMBER | |
| Classification number | 321.94 STH |
| Edition number | 23 |
| 100 1# - MAIN ENTRY--PERSONAL NAME | |
| Personal name | Stanley, Jason |
| 245 10 - TITLE STATEMENT | |
| Title | How fascism works : |
| Remainder of title | the politics of us and them / |
| Statement of responsibility, etc. | Jason Stanley |
| 246 30 - VARYING FORM OF TITLE | |
| Title proper/short title | Politics of us and them |
| 250 ## - EDITION STATEMENT | |
| Edition statement | 1st ed.. |
| 264 #1 - PRODUCTION, PUBLICATION, DISTRIBUTION, MANUFACTURE, AND COPYRIGHT NOTICE | |
| Place of production, publication, distribution, manufacture | New York : |
| Name of producer, publisher, distributor, manufacturer | Random House, |
| Date of production, publication, distribution, manufacture, or copyright notice | 2018. |
| 300 ## - PHYSICAL DESCRIPTION | |
| Extent | xix, 218 pages ; |
| Dimensions | 20 cm |
| 504 ## - BIBLIOGRAPHY, ETC. NOTE | |
| Bibliography, etc. note | Includes bibliographical references (pages 199-207) and index. |
| 505 0# - FORMATTED CONTENTS NOTE | |
| Formatted contents note | The mythic past -- Propaganda -- Anti-intellectual -- Unreality -- Hierarchy -- Victimhood -- Law and order -- Sexual anxiety -- Sodom and Gomorrah -- Arbeit Macht Frei. |
| 650 #0 - SUBJECT ADDED ENTRY--TOPICAL TERM | |
| Topical term or geographic name entry element | Fascism. |
| 650 #0 - SUBJECT ADDED ENTRY--TOPICAL TERM | |
| Topical term or geographic name entry element | Polarization (Social sciences) |
| General subdivision | Political aspects. |
| 942 ## - ADDED ENTRY ELEMENTS (KOHA) | |
| Koha item type | Books |
| Withdrawn status | Lost status | Source of classification or shelving scheme | Damaged status | Not for loan | Collection | Home library | Current library | Shelving location | Date acquired | Source of acquisition | Total checkouts | Full call number | Barcode | Date last seen | Copy number | Price effective from | Koha item type |
|---|---|---|---|---|---|---|---|---|---|---|---|---|---|---|---|---|---|
| Dewey Decimal Classification | Non-fiction | Jagannath University Central Library | Jagannath University Central Library | General stacks | 10/12/2025 | Purchased | 321.94 STH | JNUCL35785 | 10/12/2025 | 1 | 10/12/2025 | Books |